000
00308nam a2200133Ia 4500
005
20251222143251.0
008
251222s9999||||xx |||||||||||||| ||spa||
020
_a
84-8280-906-7
082
_a
813.5/C78
100
_a
Corman, Avery
245
0
_a
Kramer contra Kramer
264
_b
Oveja Negra
942
_c
LIB
999
_c
14960
_d
14960